000 01080nam a22002535i 4500
001 158984
003 ES-MaACL
005 20230906211412.0
008 950111s1893 sp |||| | spa d
080 _a910.4(599)
100 1 _aMartínez de Zuñiga, Joaquín.
_9129576
245 1 0 _aEstadismo de las Islas Filipinas, o mis viajes por este país /
_cpor el padre Fr. Joaquín Martínez de Zúñiga, agustino calzado ; publica esta obra por primera vez extensamente anotada, W.E. Retana.
260 _aMadrid :
_b[s.n.],
_c1893 (
_fImp. de la Viuda de M. Minuesa de los Ríos)
300 _a2 v. (XXXVIII, 549 p. ; 113, 629 p.) ;
_c21 cm.
530 _aDisponible en formato digital.
597 _aSignaturizados.
597 _aAnteps.
597 _aPorts. a dos tintas.
599 _aLetras capitulares y grabados en cabeceras y finales de capítulo.
651 4 _aFilipinas-
_xDescripción.
_98657
700 1 _aRetana, W. E.
_9143306
852 4 _aES-MaACL
_jC-3298-99
856 4 _uhttp://bdh-rd.bne.es/viewer.vm?id=0000043580&page=1
_zBiblioteca Digital Hispánica
999 _c158984
_d158984